Normal view
MARC view
Entry Término temático
001 - NÚMERO DE CONTROL
- campo de control: 13813
003 - IDENTIFICADOR DEL NÚMERO DE CONTROL
- campo de control: FranzMayer
005 - FECHA Y HORA DE LA ÚLTIMA TRANSACCIÓN
- campo de control: 20190320205049.0
008 - DATOS DE LONGITUD FIJA
- campo de control de longitud fija: 190320|| aca||aabn | a|a d
040 ## - FUENTE DE LA CATALOGACIÓN
- Centro catalogador/agencia de origen: FranzMayer
- Centro/agencia transcriptor: FranzMayer
150 ## - ENCABEZAMIENTO--TÉRMINO DE MATERIA
- Término de materia o nombre geográfico como elemento de entrada: Franciscanos
- : Ordenes tereceras
- Subdivisión de forma: Manuscrito
- Subdivisión general: Historia
- Subdivisión cronológica: S. XIX
- Subdivisión geográfica: México
670 ## - FUENTE DE DATOS ENCONTRADOS
- Cita de la fuente: Work cat.: (FranzMayer): San Francisco, Orden de Tercera Orden (Seglar) 13812, Documento expedido de las cuentas del Hospital de Terceros de N. P. S. Francisco, 1808